Система "Планета Земля": 175 лет (1841-2016) со дня кончины Александра Семеновича Шишкова: доклады XXIII заседания Всероссийского междисциплинарного семинара-конференции, 27-29 января 2015 г., г. Москва

Бібліографічні деталі
Співавтори: Московский государственный университет им. М. В. Ломоносова (МГУ) Геологический факультет (570), Гармония строения Земли и планет (ГСЗП), Московское общество испытателей природы (МОИП) Секция петрографии, Система "Планета Земля"
Інші автори: Фёдоров А. Е. (редактор составитель)
Мова:Російська
Опубліковано: Москва, ЛЕНАНД, 2016
Предмети:
Формат: Книга
KOHA link:https://koha.lib.tpu.ru/cgi-bin/koha/opac-detail.pl?biblionumber=344670

MARC

LEADER 00000nam0a2200000 4500
001 344670
005 20231102005705.0
010 |a 9785971030270 
035 |a (RuTPU)RU\TPU\book\376343 
035 |a RU\TPU\book\376342 
090 |a 344670 
100 |a 20200325d2016 k y0rusy50 ca 
101 0 |a rus 
102 |a RU 
105 |a a z 111zb 
200 1 |a Система "Планета Земля": 175 лет (1841-2016) со дня кончины Александра Семеновича Шишкова  |e доклады XXIII заседания Всероссийского междисциплинарного семинара-конференции, 27-29 января 2015 г., г. Москва  |f Московский государственный университет им. М. В. Ломоносова (МГУ), Геологический факультет [и др.] ; ред.-сост. А. Е. Фёдоров 
210 |a Москва  |c ЛЕНАНД  |d 2016 
215 |a 496 с.  |c ил. 
320 |a Библиография в конце докладов 
600 1 |a Шишков  |b А. С.  |c русский писатель  |c государственный деятель  |f 1754-1841  |g Александр Семенович  |c адмирал  |2 stltpush  |3 (RuTPU)RU\TPU\pers\18948 
606 1 |a Метагеология  |2 stltpush  |3 (RuTPU)RU\TPU\subj\42276  |9 61956 
610 1 |a естествознание 
610 1 |a Земля 
610 1 |a Космос 
610 1 |a геотектоника 
610 1 |a история 
610 1 |a атмосфера 
610 1 |a физические процессы 
610 1 |a русская культура 
610 1 |a индийская культура 
610 1 |a научное знание 
610 1 |a методология 
610 1 |a семинары 
610 1 |a конференции 
675 |a 55.001(063)  |v 3 
702 1 |a Фёдоров  |b А. Е.  |4 340  |4 220 
712 0 2 |a Московский государственный университет им. М. В. Ломоносова (МГУ)  |b Геологический факультет  |2 stltpush  |3 (RuTPU)RU\TPU\col\7 
712 0 2 |a Гармония строения Земли и планет (ГСЗП)  |c Региональная общественная организация  |2 stltpush  |3 (RuTPU)RU\TPU\col\13675 
712 0 2 |a Московское общество испытателей природы (МОИП)  |b Секция петрографии  |c (1917- )  |2 stltpush  |3 (RuTPU)RU\TPU\col\7762 
712 1 2 |a Система "Планета Земля"  |c семинар-конференция  |d 23  |e Москва  |f 2015  |4 570 
801 1 |a RU  |b 63413507  |c 20110111 
801 2 |a RU  |b 63413507  |c 20200724  |g RCR 
942 |c BK